000 00455nam a2200145 i 4500
001 bg
100 1 _aSTANISZKIS, Witold
245 0 _aOrganizacja procesu budowy obiektu przemysłowego przy zastosowaniu M(etody) D(ecydujących) C(iągów czynności) /
_cWitold Staniszkis, Dionizy Cieślak.
260 _aWarszawa,
_c1967.
700 1 _aCIEŚLAK, Dionizy
040 _cBPK
041 _apol
942 _cKS
008 s pl f |000 0 pol
999 _c27138
_d27138
856 _uhttp://koha.tu.koszalin.pl/cgi-bin/koha/opac-detail.pl?biblionumber=27138
_yKatalog online BPK